Alle Länder mit geringerer Bevölkerungsdichte als die Erde - Statistiken

Allgemein
  • Dieses Quiz wurde 319 mal gespielt
  • Das Durchschnittsergebnis liegt bei 10 aus 18
Antwortstatistiken
Ew./km² Land % Korrekt
8,82 Russland
94%
4,08 Kanada
92%
2,04 Mongolei
89%
3,25 Australien
84%
6,77 Kasachstan
83%
3,80 Libyen
61%
12,29 Tschad
61%
14,55 Norwegen
56%
4,27 Mauretanien
53%
3,53 Island
51%
12,45 Turkmenistan
50%
2,97 Namibia
45%
3,98 Botswana
34%
10,48 Bolivien
30%
7,49 Zentralafrikanische Republik
25%
3,69 Suriname
21%
3,96 Guyana
20%
8,22 Gabun
13%
Keine übereinstimmenden Quizze gefunden
Verteilung der Resultate
Anzahl Personen mit jedem Resultat
Perzentil nach korrekt beantworteten Fragen
Ihre Resultats-Entwicklung
Sie haben dieses Quiz noch nicht gespielt